| 000 | 01176nam a22002177a 4500 | ||
|---|---|---|---|
| 003 | OSt | ||
| 005 | 20170426093403.0 | ||
| 008 | 150407b xxu||||| |||| 00| 0 eng d | ||
| 040 | _cCRI | ||
| 082 | _a372.7 | ||
| 100 | 2 |
_940754 _aParedes Huezo, Yeniffer Beatriz María |
|
| 245 | 1 | 0 |
_aRedacción de un libro que promueva el aprendizaje de forma dinámica, creativa e innovadora en apoyo a los docentes de matemática de tercer ciclo de educación básica en centros escolares de Cabañas y Cuscatlan _b: Proyecto _cYeniffer Beatriz María Paredes Huezo,Griseida Yaneth Gonzáles Castellanos, David Moisés Navidad Aparicio |
| 260 |
_aIlobasco (Cabañas) _bUniversidad Católica de El Salvador _c2012 |
||
| 300 |
_a200 p. _c27 cm _e+ 1 disco compacto |
||
| 502 | _aTrabajo de graduación para optar al grado académico de Licenciado/a en Ciencias de la Educación Especialidad en Matemática | ||
| 650 | 0 |
_97302 _aMatemáticas _xDidáctica |
|
| 700 | 1 |
_940753 _aGonzáles Castellanos, Griseida Yaneth |
|
| 700 | 1 |
_940625 _aNavidad Aparicio, David Moisés |
|
| 710 |
_940915 _aUniversidad Católica de El Salvador _bCentro Regional de Ilobasco |
||
| 942 |
_2ddc _cTG _hprozim |
||
| 999 |
_c27591 _d27591 |
||